Highest Rated Mario Games - Statistics

General Stats
  • This quiz has been taken 90 times
  • The average score is 10 of 18
Answer Stats
Console Score Game % Correct
N64 94 Super Mario 64
91%
Wii 97 Super Mario Galaxy
91%
Switch 97 Super Mario Odyssey
88%
Wii 97 Super Mario Galaxy 2
85%
GCN 92 Super Mario Sunshine
74%
WiiU 93 Super Mario 3D World
70%
Switch 92 Mario Kart 8 Deluxe
56%
DS 91 Mario Kart DS
56%
GBA 92 Super Mario Advance 2: Super Mario World
56%
GBA 94 Super Mario Advance 4: Super Mario Bros 3
55%
3DS 90 Super Mario 3D Land
52%
N64 93 Paper Mario
36%
GBA 91 Super Mario Advance 3: Yoshi’s Island
33%
GBA 93 Mario Kart: Super Circuit
32%
DS 90 Mario and Luigi: Bowser’s Inside Story
26%
N64 91 Mario Tennis
26%
N64 91 Mario Golf
24%
GBA 90 Mario and Luigi: Superstar Saga
21%
No matching quizzes found
Score Distribution
Percent of People with Each Score
Percentile by Number Answered
Your Score History
You have not taken this quiz